• 首页
  • 本馆介绍
  • 公告通知
  • 最新文献
  • 馆藏检索
  • 电子资源
  • 读者导购
  • 参考咨询
  • 我的图书馆
  • 登录
  • 详细信息显示
  • 放入我的书架
  • 预约/预借图书
  • 作者相关作品
  • 分类相关作品
  • 丛书相关作品
  • 出版社相关作品

书目信息

  • 表格格式
  • 工作单格式
  • 卡片格式
题名:
基础生物化学实验
    
 
作者: 王秀奇 , 秦淑嫒 , 高天慧 , 颜卉君 编
分册:  
出版信息: 北京   高等教育出版社  1999
页数: 286页
开本: 19cm
丛书名:
单 册:
中图分类: Q5-33
科图分类:
主题词: 生物化学--研究方法
电子资源:
ISBN: 7-04-006872-9
000 00732nam0 2200253 450
001 0639561780
005 20070723180207.60
010    @a7-04-006872-9@dCNY7.60
100    @a20060929d1999 km y0chiy0120 ea
101 0  @achi
102    @aCN@b110000
200 1  @a基础生物化学实验@Aji chu sheng wu hua xue shi yan@f王秀奇等编@Fwang xiu qi deng bian
205    @a2版
210    @a北京@c高等教育出版社@d1999@h2005重印
215    @a286页@d19cm
300    @a高等学校教材
606 0  @a生物化学@x研究方法
690    @aQ5-33@v3
701  0 @a王秀奇@Awang xiu qi@4编
701  0 @a秦淑嫒@4编@Aqin shu ai
701  0 @a高天慧@4编@Agao tian hui
701  0 @a颜卉君@4编@Ayan hui jun
801  0 @aCN@bPFT@c20070723
905    @dQ5-33@e112=2
    
    基础生物化学实验/王秀奇等编.-2版.-北京:高等教育出版社,1999(2005重印)
    286页;19cm
    高等学校教材
    
    ISBN 7-04-006872-9:CNY7.60
    
●
相关链接 在E读中查询图书 在五车中查询图书 在当当中查询图书 在豆瓣中查询图书


正题名:基础生物化学实验     索取号:Q5-33/112=2         预约/预借

序号 登录号 条形码 馆藏地/架位号 状态 备注
1 0483993   204839933   密集书库/ [索取号:Q5-33/112=2] 在馆    
2 0484018   204840182   密集书库/ [索取号:Q5-33/112=2] 在馆    
3 0501476   205014768   密集书库/ [索取号:Q5-33/112=2] 在馆    
4 0501477   205014777   密集书库/ [索取号:Q5-33/112=2] 在馆    
5 0764793   207647938   密集书库/ [索取号:Q5-33/112=2] 在馆    
6 0764814   207648143   密集书库/ [索取号:Q5-33/112=2] 在馆    
7 0773340   207733407   库房3/ [索取号:Q5-33/112=2] 在馆    
8 0773341   207733416   库房3/ [索取号:Q5-33/112=2] 在馆    
9 0773342   207733425   库房3/ [索取号:Q5-33/112=2] 在馆    
10 0773343   207733434   库房3/ [索取号:Q5-33/112=2] 在馆    
11 0773344   207733443   库房3/ [索取号:Q5-33/112=2] 在馆    
12 0773345   207733452   库房3/ [索取号:Q5-33/112=2] 在馆    
13 0778333   207783335   密集书库/ [索取号:Q5-33/112=2] 在馆    
14 0778601   207786010   密集书库/ [索取号:Q5-33/112=2] 在馆    
15 0779557   207795572   密集书库/ [索取号:Q5-33/112=2] 在馆    
16 0782988   207829885   密集书库/ [索取号:Q5-33/112=2] 在馆    
17 0787820   207878206   密集书库/ [索取号:Q5-33/112=2] 在馆    
18 0788435   207884351   密集书库/ [索取号:Q5-33/112=2] 在馆    
19 0788841   207888419   密集书库/ [索取号:Q5-33/112=2] 在馆    
唐山师范学院图书馆 欢迎您!
大连网信软件有限公司© 版权所有